Developing proofreading and editing skills
This text provides instruction and exercises designed to sharpen skills in detecting and correcting errors in written communication of all kinds. The material progresses from easy-to-recognize errors to those that are more difficult to spot.
Đã lưu trong:
| Príomhúdar: | |
|---|---|
| Formáid: | Leabhar |
| Teanga: | Undetermined |
| Foilsithe: |
Boston
McGraw-Hill/Irwin
2001
|
| Ábhair: | |
| Clibeanna: |
Cuir Clib Leis
Gan Chlibeanna, Bí ar an gcéad duine leis an taifead seo a chlibeáil!
|
| Thư viện lưu trữ: | Trung tâm Học liệu Trường Đại học Cần Thơ |
|---|
| LEADER | 00918nam a2200229Ia 4500 | ||
|---|---|---|---|
| 001 | CTU_115807 | ||
| 008 | 210402s9999 xx 000 0 und d | ||
| 020 | |c 38.83 | ||
| 082 | |a 808.027 | ||
| 082 | |b C186 | ||
| 100 | |a Camp, Sue C. | ||
| 245 | 0 | |a Developing proofreading and editing skills | |
| 245 | 0 | |c Sue C. Camp | |
| 260 | |a Boston | ||
| 260 | |b McGraw-Hill/Irwin | ||
| 260 | |c 2001 | ||
| 520 | |a This text provides instruction and exercises designed to sharpen skills in detecting and correcting errors in written communication of all kinds. The material progresses from easy-to-recognize errors to those that are more difficult to spot. | ||
| 650 | |a Proofreading,English language,Business writing | ||
| 650 | |x Business English | ||
| 904 | |i Tuyến | ||
| 910 | |a Sách kèm đĩa có số: AV.002417, AV.003660, AV.002413, AV.002405 | ||
| 980 | |a Trung tâm Học liệu Trường Đại học Cần Thơ | ||